000 02551cam a2200433 4500
001 12740
005 20230410120816.0
008 060907p2002 enk rb 000 0 eng d
020 _a0850365074 (hbk. Merlin Press)
035 _9funglode12840
041 _aENG
050 1 4 _aHX 15
_bS678 2002
082 0 0 _a335
245 0 0 _aSocialist register 2003 :
_bfighting identities : race, religion and ethno-nationalism /
_cedited by Leo Panitch and Colin Leys
246 3 0 _aFighting identities : race, religion and ethno-nationalism
260 _aLondon :
_bThe Merlin press,
_c2002
300 _ax, 374 p. ;
_c24cm.
504 _aIncluye referencias bibliográficas.
505 0 _aThe american campaign for global sovereignty -- Postmodern obscurantism and 'the musmlim question' -- Palestine, global politics and Israeli judaism -- The political economy of ethno-nationalism in Yugoslavia -- How soviet bureaucracy produced nationalism, and what came of it in Azerbaijan -- Linguistic-communal politics and class conflict in India -- Making sense of political violence in post-colonial Africa -- The left and the Algerian catastrophe -- The international politics of forced migration -- Xenophobia, identity politics and exclusionary populism in Western Europe -- The european right and working life: from ordinary miseries to political disasters -- Cool Britannia or cruel Britannia? Racism and new labour -- The politics of labour and race in the USA -- Is the north american anti-globalization movement racist? Critical reflections -- Is this what democracy looks like? The politics of the anti-globalization movement in North America -- The Porto Alegre thermidor? Brazil's 'participatory budget' at the crossroads -- Science and race: before and after the human genome project -- Identifying class, classifying difference.
650 0 _aSocialism
_vPeriodicals.
650 0 _aCommunism
_vPeriodicals.
650 0 _aWorld politics
_y1989-
_vPeriodicals.
650 4 _aSocialismo
650 4 _aComunismo
650 4 _aPolítica mundial
_y1989-
650 0 _aEthnic relations
_xPolitical aspects
650 4 _aRelaciones étnicas
_xAspectos políticos
650 0 _aRace relations
_xPolitical aspects
650 4 _aRelaciones raciales
_xAspectos políticos
650 0 _aNationalism
650 4 _aNacionalismo
650 0 _aPolitical violence
650 4 _aViolencia política
650 0 _aReligion and politics
650 4 _aReligión y política
700 1 _aPanitch, Leo
700 1 _aLeys, Colin
942 _2lcc
_cbk
999 _c52274
_d52274